000
00300nam a22001337a 4500
008
170623b xxu||||| |||| 00| 0 eng d
020
_a
9780495007418
041
_a
eng
080
_a
32
100
_a
21
101
_a
SHP
245
_a
POLITICS IN A CHANGING WORLD
_c
ETHRIDGE, M.E
942
_2
udc
_c
BK
999
_c
19064
_d
19064